00700cam a22002051 4500001001000000003000900010005001700019008004100036010001300077040002500090100003800115245006900153250002800222260004400250300003100294910003300325942001400358952010500372999001700477000019132DO-SdBNP20250702102807.0720414r1965uuuunyua 000 1 eng  a65014006 aDO-SdBNPbspacBNPHU1 aGallico, Paul,d1897-1976.94115810aMrs. 'Arris goes to Parliament. /cDrawings by Gioia Fiammenghi. a[1st ed. in the U.S.A.] aGarden City, N.Y., :bDoubleday,c1965. a152 p. :billus. ;c18 cm. aCatalogación derivada / LC 2ddccLBS1 001050718MOaGRbGRcCTd2010-05-26iLF1l0o p19132-10r2020-06-25w2020-06-25y1ZNo se presta c18650d18650